000 00237nam a22000857a 4500
008 170622b xxu||||| |||| 00| 0 eng d
100 _93634
_aHessenbruch. A
245 _aEncyclopedia of the History Science
260 _aNew delhi
_bPentagon
_c2002
999 _c7025
_d7025